Kdo ví, kde budu zítra /
Rozhovory s novinářem Tomášem Etzlerem.
Uloženo v:
| Hlavní autor: | |
|---|---|
| Další autoři: | |
| Médium: | E-kniha |
| Jazyk: | Czech |
| Vydáno: |
V Praze :
Vyšehrad,
2019
|
| Vydání: | Vydání první |
| Témata: | |
| Tagy: |
Žádné tagy |
| LEADER | 02688cam a2200565 i 4500 | ||
|---|---|---|---|
| 001 | 311105 | ||
| 003 | CZ PrSKC | ||
| 005 | 20260601215659.0 | ||
| 007 | ta | ||
| 008 | 191112s2019 xr ac e 000 0dcze d | ||
| 015 | |a cnb003158919 | ||
| 020 | |a 9788076012035 |q (vázáno) : |c Kč 299,00 | ||
| 035 | |a (OCoLC)1140089315 | ||
| 040 | |a TUG001 |b cze |d CBA001 |d OLA001 |e rda | ||
| 043 | |a e-xr--- | ||
| 045 | |a x8y1 | ||
| 072 | 7 | |a 070 |x Noviny. Tisk. Žurnalistika |2 Konspekt | |
| 072 | 7 | |a 929 |x Biografie |2 Konspekt | |
| 080 | |a 070.42 |2 MRF | ||
| 080 | |a 070.42:654.198 |2 MRF | ||
| 080 | |a 070.42:355.4 |2 MRF | ||
| 080 | |a 929 |2 MRF | ||
| 080 | |a (437.3) |2 MRF | ||
| 080 | |a (047.53) |2 MRF | ||
| 100 | 1 | |a Etzler, Tomáš, |d 1963- |7 xx0049994 |4 aut | |
| 245 | 1 | 0 | |a Kdo ví, kde budu zítra / |c Jindřich Šídlo, Tomáš Etzler |
| 250 | |a Vydání první | ||
| 264 | 1 | |a V Praze : |b Vyšehrad, |c 2019 | |
| 300 | |a 181 stran : |b ilustrace, portréty ; |c 21 cm | ||
| 336 | |a text |b txt |2 rdacontent | ||
| 337 | |a bez média |b n |2 rdamedia | ||
| 338 | |a svazek |b nc |2 rdacarrier | ||
| 520 | 2 | |a Rozhovory s novinářem Tomášem Etzlerem. |b Etzler vzpomíná na svůj život ve Spojených státech v 90. let letech 20. století, práci v CNN v letech 1996-2006 a především na své působení na pozici zpravodaje České televize v Číně během let 2006-2014. Někdejší reportér se rovněž vyjadřuje k současným společenským i politickým problémům světa. | |
| 600 | 1 | 7 | |a Etzler, Tomáš, |d 1963- |7 xx0049994 |2 czenas |
| 648 | 7 | |a 20.-21. století |7 ch462155 |2 czenas | |
| 650 | 0 | 7 | |a novináři |7 ph123339 |z Česko |y 20.-21. století |2 czenas |
| 650 | 0 | 7 | |a televizní reportéři |7 ph126517 |z Česko |y 20.-21. století |2 czenas |
| 650 | 0 | 7 | |a váleční zpravodajové |7 ph127337 |z Česko |y 20.-21. století |2 czenas |
| 650 | 0 | 9 | |a journalists |z Czechia |y 20th-21st centuries |2 eczenas |
| 650 | 0 | 9 | |a television reporters |z Czechia |y 20th-21st centuries |2 eczenas |
| 650 | 0 | 9 | |a war correspondents |z Czechia |y 20th-21st centuries |2 eczenas |
| 655 | 7 | |a rozhovory |7 fd133303 |2 czenas | |
| 655 | 9 | |a interviews |2 eczenas | |
| 700 | 1 | |a Šídlo, Jindřich, |d 1972- |7 xx0053666 |4 aut | |
| 900 | |a ABA001 |b 19 | ||
| 928 | 9 | |a Albatros Media - Vyšehrad | |
| 044 | |a xr | ||
| 910 | |a RBIT002 | ||
| 998 | |d 202332 |a https://core.palmknihy.cz/api/books/202332/cover?q08434 |b https://core.palmknihy.cz/api/books/202332/cover/400?q08434 |c https://core.palmknihy.cz/api/books/202332/cover/50?q08434 |e 2031-12-31 |g 184 |i 9788076012035 |j https://core.palmknihy.cz/api/books/202332/preview.epub |k https://core.palmknihy.cz/api/books/202332/preview.pdf |l |q 49 |r 1 |s https://www.palmknihy.cz/kniha/202332 |t ebook |y 2019 |z 0 | ||
| 999 | |d 311103 | ||